| 000 | 012640000a22003010004500 | ||
|---|---|---|---|
| 001 | 20189 | ||
| 003 | CO-MdFUSB | ||
| 005 | 20220629062536.0 | ||
| 008 | 160726b xxu||||| |||| 00| 0 eng d | ||
| 020 | _a33400151X | ||
| 040 |
_aCO-MdFUSB _bEspañol _cCO-MdFUSB _dCO-MdFUSB |
||
| 041 | _aeng | ||
| 082 |
_224 _aG 238.1 _bK96c |
||
| 100 | 1 |
_aKüng, Hans, _d1928- |
|
| 245 | 1 | 0 |
_aCredo _b: The apostles' creed explained for today _c/ Hans Küng ; traducido por John Bowden |
| 264 | 4 |
_aLondon _b: SCM Press _c1993 |
|
| 300 | _axv, 196 páginas | ||
| 336 |
_2rdacontent _a1 _ba1 |
||
| 337 |
_2rdamedia _a2 _b5 |
||
| 338 |
_2rdacarrier _a2 _b5 |
||
| 500 | _aTítulo original en alemán: Credo, Das Apostolische Glaubensbekenntnis - Zeitgenossen erklärt | ||
| 501 | _aRústico | ||
| 505 | 0 | 0 | _aDios Padre: La imagen de Dios y la creación del mundo - Jesucristo: El nacimiento de una virgen y la filiación divina - La importancia de la cruz y la muerte de Cristo - Descenso a los infiernos, resurrección, ascensión - Espíritu Santo: Iglesia, la comunión de los santos y el perdón de los pecados - Resurrección de los muertos y la vida eterna. |
| 650 | 0 |
_aDogma _9205 |
|
| 653 | _aCredo de los apóstoles | ||
| 942 | _cBK | ||
| 999 |
_c46542 _d46542 |
||